|
|
|
|
| LEADER |
00000nam0a2200000 4500 |
| 001 |
15584 |
| 005 |
20231030190250.0 |
| 010 |
|
|
|a 5020133949
|
| 035 |
|
|
|a (RuTPU)RU\TPU\book\15695
|
| 035 |
|
|
|a BOOK00000383
|
| 090 |
|
|
|a 15584
|
| 100 |
|
|
|a 20011209d1991 km y0rusy50 ca
|
| 101 |
0 |
|
|a rus
|
| 102 |
|
|
|a RU
|
| 105 |
|
|
|a y z 000zy
|
| 200 |
1 |
|
|a Социальная сфера: политическое и духовное развитие общества
|f Под ред. В. Н. Иванова, В. З. Роговина
|
| 210 |
|
|
|a Москва
|c Наука
|d 1991
|
| 215 |
|
|
|a 206 с.
|
| 610 |
1 |
|
|a социология
|
| 610 |
1 |
|
|a социальная сфера
|
| 610 |
1 |
|
|a социальная активность
|
| 610 |
1 |
|
|a личность
|
| 610 |
1 |
|
|a советское общество
|
| 610 |
1 |
|
|a социально-политическая жизнь
|
| 610 |
1 |
|
|a образование
|
| 610 |
1 |
|
|a антисоциальные явления
|
| 686 |
|
|
|a С55.6/558
|v LBC/SL-A
|2 rubbk
|
| 702 |
|
1 |
|a Иванов
|b В. Н.
|g Вилен Николаевич
|4 340
|
| 702 |
|
1 |
|a Роговин
|b В. З.
|4 340
|
| 801 |
|
0 |
|a RU
|b 63413507
|c 20011209
|g PSBO
|
| 801 |
|
2 |
|a RU
|b 63413507
|c 20130821
|g PSBO
|
| 900 |
|
|
|a Социология общественного мнения
|
| 942 |
|
|
|c BK
|